| 000 | 00437pab a2200157 454500 | ||
|---|---|---|---|
| 008 | 180718b2001 xxu||||| |||| 00| 0 eng d | ||
| 100 | _aKay, Adrian | ||
| 245 | _aNew labour on drugs: the changing relationship between government and the pharmaceutical industry | ||
| 260 | _c2001 | ||
| 300 | _ap.322-28 | ||
| 362 | _aJul-Sep | ||
| 650 | _aDrugs - Great Britain | ||
| 650 | _aDrugs | ||
| 773 | _aPolitical Quarterly | ||
| 909 | _a49316 | ||
| 999 |
_c49316 _d49316 |
||